Captain Underpants and the wrath of the wicked Wedgie Woman : (Record no. 13003)
[ view plain ]
| 000 -LEADER | |
|---|---|
| fixed length control field | 01045nam a2200253Ka 4500 |
| 020 ## - INTERNATIONAL STANDARD BOOK NUMBER | |
| ISBN | 0439050006 |
| 020 ## - INTERNATIONAL STANDARD BOOK NUMBER | |
| ISBN | 9780439050005 |
| 020 ## - INTERNATIONAL STANDARD BOOK NUMBER | |
| ISBN | 0545385725 |
| 020 ## - INTERNATIONAL STANDARD BOOK NUMBER | |
| ISBN | 9780545385725 |
| 020 ## - INTERNATIONAL STANDARD BOOK NUMBER | |
| ISBN | 1435257081 |
| 020 ## - INTERNATIONAL STANDARD BOOK NUMBER | |
| ISBN | 9781435257085 |
| 020 ## - INTERNATIONAL STANDARD BOOK NUMBER | |
| ISBN | 0613357671 |
| 040 ## - CATALOGING SOURCE | |
| Transcribing agency | IEB |
| 082 ## - DEWEY DECIMAL CLASSIFICATION NUMBER | |
| Classification number | 813 SCH 2001 A094 Or. |
| 100 1# - MAIN ENTRY--AUTHOR NAME | |
| Personal name | Pilkey, Dav, |
| 245 10 - TITLE STATEMENT | |
| Title | Captain Underpants and the wrath of the wicked Wedgie Woman : |
| Remainder of title | the fifth epic novel / |
| 260 ## - PUBLICATION, DISTRIBUTION, ETC. (IMPRINT) | |
| Place of publication | New York : |
| Name of publisher | Scholastic, |
| Year of publication | c2001. |
| 300 ## - PHYSICAL DESCRIPTION | |
| Number of Pages | 165 p. : |
| Other physical details | ill. ; |
| Dimensions | 20 cm. |
| 520 ## - SUMMARY, ETC. | |
| Summary, etc | George and Harold have really done it this time-- they've created a monster! She's faster, smarter, and more evil than anything the world has seen before--she's Wedgie Woman! With the help of her horrible robots and her horrendous hairdo, Wedgie Woman is on a mission to take over the world, and she'll give a whopping wedgie to anyone who stands in her way--including Captain Underpants. |
| 650 #0 - SUBJECT ADDED ENTRY--TOPICAL TERM | |
| Topical Term | Schools |
| 650 #0 - SUBJECT ADDED ENTRY--TOPICAL TERM | |
| Topical Term | School principals |
| 650 #0 - SUBJECT ADDED ENTRY--TOPICAL TERM | |
| Topical Term | Heroes |
| 942 ## - ADDED ENTRY ELEMENTS (KOHA) | |
| Koha item type | សៀវភៅភាសាអង់គ្លេស |
| 952 ## - LOCATION AND ITEM INFORMATION (KOHA) | |
| Withdrawn status [LOCAL, KOHA] | 0 |
| Permanent Location | Date acquired | Koha item type | Lost status | Shelving location | Barcode | Current Location | Full call number |
|---|---|---|---|---|---|---|---|
| Library Block A | 2017-08-19 | សៀវភៅភាសាអង់គ្លេស | A094 | A15414 | Library Block A | 813 SCH 2001 A094 Or. |